000 00503nam a22001817a 4500
005 20250403152825.0
008 250403b |||||||| |||| 00| 0 eng d
020 _a9789354355202
041 _aeng
082 _a658.421 KAT
100 _aKatiyar, Gagan
245 _aBeyond the Beaten Path
260 _aNew Delhi
_bBloomsbury Academic India
_c2022
300 _a132;. pages: 24 cm
650 _aEntrepreneurship; Social Service ; Skill Development
700 _aSahay, Arunaditya
942 _cBK
999 _c43535
_d43535